000 00574nam a22001577a 4500
999 _c15676
_d15676
008 201016b ||||| |||| 00| 0 eng d
020 _a9715422233
082 _21999
_aDFil 899.2113
_bR11
100 _aRadiac, Ante
_942424
245 _aJose Rizal:
_bromantiko realista: isang pagsusuring pampanitikan ng Noli Me Tangere at El Filibusterismo/
_cAnte Radiac
260 _aQuezon City:
_bUP Press,
_c©1999.
300 _axiv, 254 pages:
_billustrations;
_c23 cm.
650 _aRizal, Jose, 1861-1896.
_942425
650 _aPhilippine literature.
_942426
942 _2ddc
_cDFIL